000
00218 a2200097 4500
001
51019
100
_a
Hoyle Fred
245
_a
The intelligent universe
260
_a
London
_b
Michael Joseph
_c
090
_c
32307
_d
32307
942
_a
NUST-CAE
_c
M
_c
24789
999
_c
286092
_d
286092